[Event "World Cup U12 Prel"]
[Site "Tornelo INT"]
[Date "2021.08.06"]
[Round "7"]
[White "Sitsanis, Nikolaos1"]
[Black "Poh, Yu Tian"]
[Result "0-1"]
[WhiteElo "1660"]
[BlackElo "2081"]
[PlyCount "100"]
[EventDate "2021.08.06"]
[EventType "swiss (rapid)"]
[EventRounds "10"]
[EventCountry "NET"]
[SourceTitle "EXT 2025"]
[Source "ChessBase"]
[SourceDate "2024.10.14"]
[SourceVersion "1"]
[SourceVersionDate "2024.10.14"]
[SourceQuality "1"]

1. e4 c5 2. Nf3 d6 3. d4 cxd4 4. Nxd4 Nf6 5. Nc3 a6 6. f3 e5 7. Nb3 Be6 8. Be3 h5 9. Qd2 Nbd7 10. Be2 Qc7 11. Nd5 Bxd5 12. exd5 Nb6 13. 0-0 Nfxd5 14. Bf2 Nf4 15. Rfd1 Nxe2+ 16. Qxe2 Nd7 17. Nd4 g6 18. c3 Bg7 19. Nc2 Nf6 20. Nb4 0-0 21. Nd5 Nxd5 22. Rxd5 Qc6 23. Rad1 Rfd8 24. Qd3 Bf6 25. Rxd6 Rxd6 26. Qxd6 Rd8 27. Qxd8+ Bxd8 28. Rxd8+ Kg7 29. Rd2 f6 30. Be3 Kf7 31. Kf2 Ke6 32. a3 Qc4 33. g3 g5 34. Re2 g4 35. f4 Qd5 36. Ke1 Qh1+ 37. Kd2 Qb1 38. b4 e4 39. Bd4 f5 40. Re1 Qb2+ 41. Ke3 Qxh2 42. Rd1 Qxg3+ 43. Kd2 Qxf4+ 44. Be3 Qh2+ 45. Kc1 f4 46. Rd2 Qh1+ 47. Rd1 Qxd1+ 48. Kxd1 fxe3 49. Ke2 h4 50. Kxe3 h3 0-1

[Event "World Cup U12 Prel"]
[Site "Tornelo INT"]
[Date "2021.08.06"]
[Round "3"]
[White "Udipi, Kala Kishan"]
[Black "Poh, Yu Tian"]
[Result "0-1"]
[WhiteElo "1715"]
[BlackElo "2081"]
[PlyCount "112"]
[EventDate "2021.08.06"]
[EventType "swiss (rapid)"]
[EventRounds "10"]
[EventCountry "NET"]
[SourceTitle "EXT 2025"]
[Source "ChessBase"]
[SourceDate "2024.10.14"]
[SourceVersion "1"]
[SourceVersionDate "2024.10.14"]
[SourceQuality "1"]

1. d4 Nf6 2. c4 g6 3. Nc3 d5 4. Bf4 Bg7 5. e3 0-0 6. Bd3 c5 7. dxc5 dxc4 8. Bxc4 Nbd7 9. c6 bxc6 10. Nf3 Nh5 11. Bg5 h6 12. Bh4 g5 13. Bg3 Nxg3 14. hxg3 Nb6 15. Bd3 Bg4 16. Qc2 Bxf3 17. gxf3 Nd5 18. Nxd5 cxd5 19. Kf1 Qb6 20. Rb1 Rfc8 21. Qd2 a5 22. Kg2 a4 23. Bc2 d4 24. Qd3 dxe3 25. fxe3 Rd8 26. Qe2 Qc5 27. Rhd1 Rxd1 28. Bxd1 Rd8 29. Bc2 Qb4 30. Rd1 Rxd1 31. Bxd1 h5 32. Qc2 Bxb2 33. Qxa4 Qd2+ 34. Kh3 Qxe3 35. Qa8+ Kg7 36. Qe4 Qg1 37. f4 Qxd1 38. fxg5 Qg4+ 39. Qxg4 hxg4+ 40. Kxg4 Kg6 41. a4 Bc3 42. Kf4 Bd2+ 43. Ke4 Kxg5 44. Kd5 Kg4 45. Kc6 Kxg3 46. Kd7 f5 47. Kxe7 f4 48. Kd7 Ba5 49. Kc8 f3 50. Kb8 f2 51. Ka8 f1Q 52. Ka7 Qc4 53. Ka8 Qc6+ 54. Ka7 Bb6+ 55. Kb8 Qc7+ 56. Ka8 Qc8# 0-1

[Event "World Cup U12 Prel"]
[Site "Tornelo INT"]
[Date "2021.08.06"]
[Round "1"]
[White "Yao, Henry"]
[Black "Poh, Yu Tian"]
[Result "0-1"]
[WhiteElo "1313"]
[BlackElo "2081"]
[PlyCount "116"]
[EventDate "2021.08.06"]
[EventType "swiss (rapid)"]
[EventRounds "10"]
[EventCountry "NET"]
[SourceTitle "EXT 2025"]
[Source "ChessBase"]
[SourceDate "2024.10.14"]
[SourceVersion "1"]
[SourceVersionDate "2024.10.14"]
[SourceQuality "1"]

1. e4 c5 2. Nf3 d6 3. d4 cxd4 4. Nxd4 Nf6 5. Nc3 a6 6. Bc4 e6 7. Bb3 Be7 8. f3 Qc7 9. Be3 Nc6 10. Qd2 Nxd4 11. Bxd4 b5 12. 0-0-0 Bb7 13. Kb1 Bc6 14. Rhe1 a5 15. a4 b4 16. Na2 Qd7 17. e5 dxe5 18. Bxe5 Qxd2 19. Rxd2 0-0 20. Red1 Nd5 21. Bxd5 Bxd5 22. b3 Rfc8 23. Nc1 Rc6 24. Ne2 Rcc8 25. Nd4 Bc5 26. Nb5 f6 27. Bf4 g5 28. Bg3 Be3 29. Re2 Bb6 30. Red2 Rc6 31. Nd4 Bxd4 32. Rxd4 Rac8 33. R4d2 Rc3 34. Kb2 Kf7 35. Bf2 R3c6 36. Bd4 Ke7 37. Bf2 Ra8 38. Re1 Kf7 39. Bg1 Rd6 40. Bc5 Rd7 41. Red1 Rc7 42. Bb6 Rc6 43. Bg1 h5 44. Rf2 Rac8 45. Rfd2 g4 46. f4 Kg6 47. g3 Be4 48. Rc1 Bf5 49. Bf2 h4 50. gxh4 Rc3 51. Bg3 Re8 52. Rcd1 Rec8 53. Rc1 Rf3 54. Rcd1 Rc6 55. Rd6 Rxc2+ 56. Ka1 Rxb3 57. R1d2 Ra3+ 58. Kb1 Rxd2+ 0-1